000 00482nam a2200181Ia 4500
005 20251009115237.0
008 231207s9999 xx 000 0 und d
020 _a9788188827077
040 _cPK-LaNCA
082 _a781.745
_bKIL
100 _aKillius, Rolf
245 0 _aRitual music and Hindu rituals of Kerala
_cRolf Killius
260 _bB. R. Rhythms
_aDelhi
_c2006
300 _aviii, 135p
_bill
546 _aEnglish
650 _aRituals music., Music.
942 _cMUSIC
999 _c27692
_d27692